Phim hoạt họa Việt Nam

Đã lưu trong:
Bibliografiske detaljer
Hovedforfatter: Ngô Mạnh Lân
Format: Bog
Sprog:Undetermined
Udgivet: Hà Nội Văn hóa 1977
Fag:
Tags: Tilføj Tag
Ingen Tags, Vær først til at tagge denne postø!
Thư viện lưu trữ: Trung tâm Học liệu Trường Đại học Cần Thơ
LEADER 00516nam a2200181Ia 4500
001 CTU_9840
008 210402s9999 xx 000 0 und d
082 |a 791.433 
082 |b L121 
100 |a Ngô Mạnh Lân 
245 0 |a Phim hoạt họa Việt Nam 
245 0 |c Ngô Mạnh Lân, Trần Ngọc Thanh 
260 |a Hà Nội 
260 |b Văn hóa 
260 |c 1977 
650 |a animated films - vietnam 
904 |i Minh, 961001 
980 |a Trung tâm Học liệu Trường Đại học Cần Thơ